[Event "Pocos de Caldas op"]
[Site "Pocos de Caldas"]
[Date "2018.03.03"]
[Round "4"]
[White "Adalberto, Manoel Jr"]
[Black "Bonvini, Alberto Tonhati"]
[Result "1/2-1/2"]
[WhiteElo "1230"]
[BlackElo "1948"]
[PlyCount "130"]
[EventDate "2018.03.02"]
[EventType "swiss"]
[EventRounds "6"]
[EventCountry "BRA"]
[SourceTitle "CBM 183 Extra"]
[Source "ChessBase"]
[SourceDate "2018.04.19"]
[SourceVersion "1"]
[SourceVersionDate "2018.04.19"]
[SourceQuality "1"]

1. e4 e5 2. Nf3 Nc6 3. Bb5 a6 4. Ba4 Nf6 5. 0-0 b5 6. Bb3 Be7 7. d4 Nxd4 8. Bxf7+ Kf8 9. Nxe5 d6 10. Qxd4 dxe5 11. Qxd8+ Bxd8 12. Bb3 Bb7 13. f3 c5 14. c4 Ke7 15. Nc3 bxc4 16. Bxc4 Rc8 17. Bg5 Ba5 18. Nd5+ Bxd5 19. Bxd5 h6 20. Bxf6+ gxf6 21. Bc4 Rb8 22. b3 Rb6 23. Rad1 Bc3 24. Kf2 a5 25. Rd3 Bd4+ 26. Ke2 h5 27. f4 Rh7 28. fxe5 fxe5 29. Rdf3 Rg6 30. Rf7+ Rxf7 31. Rxf7+ Kd8 32. Kf3 h4 33. g4 hxg3 34. hxg3 Bc3 35. a4 Be1 36. g4 Bd2 37. Bd5 Rh6 38. Ke2 Bc1 39. Rg7 Rh3 40. g5 Rg3 41. g6 Bh6 42. Ra7 Rxg6 43. Rxa5 c4 44. Bxc4 Bf4 45. Bd5 Rg3 46. Ra8+ Kc7 47. Ra6 Re3+ 48. Kf2 Rc3 49. a5 Be3+ 50. Ke2 Bd4 51. Rg6 Rc5 52. Rg7+ Kb8 53. a6 Rc7 54. Rxc7 Kxc7 55. Kd3 Kb6 56. Bb7 Bf2 57. Kc4 Bg1 58. b4 Bf2 59. b5 Bg1 60. Bc6 Bf2 61. Kd5 Bd4 62. Kd6 Ka7 63. Kd7 Bb6 64. Bb7 Bf2 65. Kc6 Bg1 1/2-1/2